Marketing research: methodological foundations (8th ed.) (Record no. 82685)
[ view plain ]
| 000 -LEADER | |
|---|---|
| fixed length control field | 01025nam a2200229 a 4500 |
| 008 - FIXED-LENGTH DATA ELEMENTS--GENERAL INFORMATION | |
| fixed length control field | 120416s2002 ||||||||||||||||| || u |
| 020 ## - INTERNATIONAL STANDARD BOOK NUMBER | |
| International Standard Book Number | 0030331013 |
| 050 ## - LIBRARY OF CONGRESS CALL NUMBER | |
| Classification number | HF 5415.2 Chu |
| 100 ## - MAIN ENTRY--PERSONAL NAME | |
| Personal name | Churchill, Gilbert A |
| 245 10 - TITLE STATEMENT | |
| Title | Marketing research: methodological foundations (8th ed.) |
| 250 ## - EDITION STATEMENT | |
| Edition statement | 8th ed. |
| 260 ## - PUBLICATION, DISTRIBUTION, ETC. | |
| Place of publication, distribution, etc. | Mason, Ohio: |
| Name of publisher, distributor, etc. | Thomson Learning |
| Date of publication, distribution, etc. | 2002 |
| 300 ## - PHYSICAL DESCRIPTION | |
| Extent | xxvi, 1006p. : ill. |
| 350 ## - | |
| -- | 0.00 |
| 490 ## - | |
| -- | The Harcourt series in marketing |
| 650 #0 - SUBJECT ADDED ENTRY--TOPICAL TERM | |
| Topical term or geographic name entry element | MARKETING--MANAGEMENT--CASE STUDIES |
| 650 #0 - SUBJECT ADDED ENTRY--TOPICAL TERM | |
| Topical term or geographic name entry element | MARKETING RESEARCH |
| 700 ## - ADDED ENTRY--PERSONAL NAME | |
| Personal name | Iacobucci, Dawn |
| 995 ## - | |
| -- | SHORT LOAN BOOKS |
| -- | 0.00 |
| -- | 736334 |
| -- | CBU-MAIN LIBRARY (Kitwe) |
| -- | 3 |
| -- | 47.50 |
| -- | HF 5415.2 Chu |
| -- | 3 |
| -- | AVAILABLE |
| -- | 40850 |
| -- | Short Loan Collection |
| 995 ## - | |
| -- | MAIN LIBRARY OPEN ACCESS |
| -- | 0.00 |
| -- | 736336 |
| -- | CBU-MAIN LIBRARY (Kitwe) |
| -- | 1 |
| -- | 47.50 |
| -- | HF 5415.2 Chu |
| -- | 1 |
| -- | AVAILABLE |
| -- | 40848 |
| -- | Main Library Open Access Collection |
| 995 ## - | |
| -- | SHORT LOAN BOOKS |
| -- | 0.00 |
| -- | 736335 |
| -- | CBU-MAIN LIBRARY (Kitwe) |
| -- | 2 |
| -- | 47.50 |
| -- | HF 5415.2 Chu |
| -- | 2 |
| -- | AVAILABLE |
| -- | 40847 |
| -- | Short Loan Collection |
| 999 ## - | |
| -- | 82685 |
| -- | 82685 |
| Withdrawn status | Lost status | Source of classification or shelving scheme | Damaged status | Not for loan | Permanent Location | Current Location | Shelving location | Date acquired | Total Checkouts | Full call number | Barcode | Date last seen | Copy number | Price effective from | Koha item type | Date last checked out |
|---|---|---|---|---|---|---|---|---|---|---|---|---|---|---|---|---|
| CBU-MAIN LIBRARY, KITWE. | CBU-MAIN LIBRARY, KITWE. | 09/29/2023 | HF 5415.2 Chu | 40850 | 09/29/2023 | 1 | 09/29/2023 | SHORT LOAN COLLECTION | ||||||||
| CBU-MAIN LIBRARY, KITWE. | CBU-MAIN LIBRARY, KITWE. | 09/29/2023 | 2 | HF 5415.2 Chu | 40848 | 06/24/2025 | 2 | 09/29/2023 | MONOGRAPH | 06/28/2024 | ||||||
| CBU-MAIN LIBRARY, KITWE. | CBU-MAIN LIBRARY, KITWE. | 09/29/2023 | HF 5415.2 Chu | 40847 | 09/29/2023 | 3 | 09/29/2023 | SHORT LOAN COLLECTION |